Prova de Catalunya - Statistics

General Stats
  • This quiz has been taken 404 times
    402 since last reset
  • The average score is 11 of 20
Answer Stats
Hint Answer % Correct
La Sagrada Família va ser ideada per Gaudí
88%
Ciutat catalana que va ser la principal de la zona a l'època romana Tarragona
84%
Himne de Catalunya Els segadors
81%
Regió catalana on a part del català es parla una altre llengua Vall d'Aràn
81%
Nom de la costa que recòrre el Baix Empordà i l'Alt Empordà Costa Brava
80%
Terra de volcans Garrotxa
76%
Aquest parc va ser dissenyat per l'anterior arquitecte Parc Güell
74%
Diada de Catalunya 11 de setembre
70%
Ciutat més important de l'anomenada "Catalunya Nord" Perpinyà
67%
Menjar típic Pà amb tomàquet
65%
Menjar: Les _____ de l'Escala Anxoves
61%
Comarca famosa pels seus vins Penedès
51%
President de Catalunya que va exiliar-se Carles Puigdemont
50%
Nom del millor club de futbol del pais FC Barcelona
50%
En aquesta població italiana encara es parla català L'Alguer
50%
Últim poble de Catalunya (Nord) Portbou
40%
Escriptor,del segle XIII. És conegut per la seva extensa obra escrita, redactada en català, occità, llatí i àrab. Ramon Llull
32%
Catalunya va formar part de ___ fins la unificació en l'Imperi Espanyol. Corona d'Aragó
26%
Aquest dia es va celebrar un referèndum per l'independència 9 de novembre
12%
Avinguda més important del pais La Rambla
9%
No matching quizzes found
Score Distribution
Percent of People with Each Score
Percentile by Number Answered
Your Score History
You have not taken this quiz since the last reset